| 000 | 00419nam a22001217a 4500 | ||
|---|---|---|---|
| 082 | _a200 THE | ||
| 100 |
_aSardar Ameer Akram Khan _970258 |
||
| 245 | _aTH-SOF-1129 -Multi Modulus Based Blind Channel Equalization Using Recursive Least Square Technique. | ||
| 260 |
_aIslamabad _bNUST College of EME _c2015 |
||
| 650 |
_aMS-ELECT-67 MSTHESIS _970259 |
||
| 700 |
_aSupervison Dr. Shahzad Amin Sheikh _970194 |
||
| 942 | _cCF | ||
| 999 |
_c577260 _d577260 |
||